<?xml version="1.0" encoding="UTF-8"?>
<marc:record xmlns:marc="http://www.loc.gov/MARC21/slim">
   <marc:leader>00000nam a2200000 a 4500</marc:leader>
   <marc:datafield ind1="1" ind2=" " tag="100">
      <marc:subfield code="a">Eagleton, Terry</marc:subfield>
      <marc:subfield code="4">aut</marc:subfield>
      <marc:subfield code="e">Verfasser/-in</marc:subfield>
   </marc:datafield>
   <marc:datafield ind1=" " ind2=" " tag="653">
      <marc:subfield code="a">Lebensphilosophie</marc:subfield>
   </marc:datafield>
   <marc:datafield ind1=" " ind2=" " tag="653">
      <marc:subfield code="a">Religion/Philosophie/Allgemeines</marc:subfield>
   </marc:datafield>
   <marc:datafield ind1=" " ind2=" " tag="653">
      <marc:subfield code="a">Nachschlagewerke</marc:subfield>
   </marc:datafield>
   <marc:datafield ind1="0" ind2="0" tag="245">
      <marc:subfield code="a">Der Sinn des Lebens</marc:subfield>
   </marc:datafield>
   <marc:datafield ind1="0" ind2="0" tag="245">
      <marc:subfield code="c">Terry Eagleton. Aus dem Engl. von Michael Bischoff</marc:subfield>
   </marc:datafield>
   <marc:datafield ind1=" " ind2="1" tag="264">
      <marc:subfield code="a">Berlin</marc:subfield>
      <marc:subfield code="b">List</marc:subfield>
      <marc:subfield code="c">2010</marc:subfield>
   </marc:datafield>
   <marc:datafield ind1=" " ind2=" " tag="250">
      <marc:subfield code="a">Ungekürzte Ausg., 1. Aufl.</marc:subfield>
   </marc:datafield>
   <marc:datafield ind1="1" ind2=" " tag="520">
      <marc:subfield code="a">Angaben aus der Verlagsmeldung

Der Sinn des Lebens The Meaning of Life / von Terry Eagleton

Der moderne Mensch tut sich besonders schwer mit der Sinnsuche. Viele glauben ebenso wenig an die eine, endgültige Bedeutung des Lebens wie an den Weihnachtsmann. Es scheint, als sei es heute einfacher, den Lebenssinn in New-Age-Religionen oder einem bestimmten Fußballclub zu entdecken, als sich mit zentralen philosophischen Fragestellungen zu beschäftigen. Zumal es einem die Philosophen auch nicht leicht machen: Sie haben die ärgerliche Angewohnheit, Fragen zu analysieren, anstatt sie zu beantworten. Zum Glück ist Terry Eagleton kein Philosoph. Er erläutert auf originelle und unterhaltsame Weise, wie Geistesgrößen von Shakespeare bis Schopenhauer, von Marx bis Sartre die Frage nach dem Sinn des Lebens beantwortet haben. Und er findet eigene, überraschende und inspirierende Antworten.
</marc:subfield>
   </marc:datafield>
   <marc:datafield ind1=" " ind2=" " tag="020">
      <marc:subfield code="a">9783548609430</marc:subfield>
      <marc:subfield code="9">9783548609430</marc:subfield>
   </marc:datafield>
   <marc:datafield ind1=" " ind2=" " tag="041">
      <marc:subfield code="a">ger</marc:subfield>
   </marc:datafield>
   <marc:datafield ind1=" " ind2=" " tag="300">
      <marc:subfield code="a">157 S.</marc:subfield>
   </marc:datafield>
</marc:record>
